00325nam a2200133Ia 45000030006000000080041000060400015000471000019000622450038000812500011001192600032001305460012001620050017001740STCL150530s9999 xx 000 0 und d aSTCLcSTCL aKalsi,P.S.; Ed aSpectroscopy of Organic Compounds aFourth bNew age internationalc2003 aEnglish20220125170319.0